000 01722nam a2200229Ia 4500
003 Ost
005 20260507075638.0
008 260507s9999||||xx |||||||||||||| ||und||
020 _a6348249960
040 _cfsecg
041 _aara
082 _a657
100 _aلارسن، جون
_eمؤلف
245 0 _aالمحاسبة المتقدمة /
_c جون لارسن
260 _aالرياض:
_bدار المريخ للنشر,
_c1998
300 _a849 صفحة؛
_bإيضاحات ؛
_c24 سم
520 _aالجزء الأول : القسم الأول : المحاسبة في شركات الأشخاص والفروع : الفصل الأول : تنظيم وإدارة شركات التضامن : الفصل الثاني : تصفية شركة التضامن وشركات المحاصة : الفصل الثالث : المحاسبة في الفروع , القوائم المالية المجمعة– القسم الثاني : اندماج الشركات وسيطرة شركة على شركة أخرى أوأكثر وإعداد القوائم المالية الموحدة : الفصل الرابع : اندماج الشركات : الفصل الخامس : القوائم المالية الموحدة في تاريخ الإندماج وفقا" لأسلوب الشراء : الفصل السادس : القوائم المالية الموحدة في الفترات التالية للإندماج وفقا" لأسلوب الشراء : الفصل السابع : إعداد القوائم المالية الموحدة وفقا" لأسلوب إندماج الحقوق
653 _aالمالية
653 _aالمحاسبة المتقدمة
700 _aن، موسش
_eمؤلف ثانوي
942 _cكتاب
999 _c45346
_d45346